000
00244nam a2200109Ia 4500
008
220204s9999 xx 000 0 und d
082
_a
82-3
_b
LEM
100
_a
Lem, Stanislaw
245
0
_a
Solaris
260
_a
London
_b
Arrow
_c
1973
942
_c
BK
999
_c
24352
_d
24352